| 000 -CABECERA |
| Longitud fija campo de control |
00594nam a2200205 a 4500 |
| 001 - NÚMERO DE CONTROL |
| Número de control |
5619 |
| 003 - IDENTIFICADOR DEL NÚMERO DE CONTROL |
| Identificador del número de control |
CDMR |
| 005 - FECHA Y HORA DE LA ÚLTIMA TRANSACCIÓN |
| Fecha y hora de la última transacción |
20131021101555.0 |
| 008 - CÓDIGOS DE INFORMACIÓN DE LONGITUD FIJA |
| Códigos de información de longitud fija |
130130s1995||||||||||||||||||||||||||||d |
| 020 ## - NÚMERO INTERNACIONAL NORMALIZADO PARA LIBROS |
| Número Internacional Normalizado para Libros (ISBN) |
1878107054 |
| 040 ## - FUENTE DE LA CATALOGACIÓN |
| Centro catalogador de origen |
CDMR |
| Lengua de catalogación |
cat |
| Centro transcriptor |
CDMR |
| 245 #4 - MENCIÓN DE TÍTULO |
| Título |
The best of newspaper design |
| Resto del título |
: sixteenth edition |
| Mención de responsabilidad, etc. |
The Society of Newspaper Design |
| 250 ## - MENCIÓN DE EDICIÓN |
| Mención de edición |
16a ed. |
| 260 ## - PUBLICACIÓN, DISTRIBUCIÓN, ETC. (PIE DE IMPRENTA) |
| Lugar de publicación, distribución, etc. |
Rockport |
| Fecha de publicación, distribución, etc. |
1995 |
| Nombre del editor, distribuidor, etc. |
Rockport Publishers |
| 300 ## - DESCRIPCIÓN FÍSICA |
| Extensión |
256 p. |
| Otras características físicas |
il. col. |
| Dimensiones |
30 cm |
| 650 04 - PUNTO DE ACCESO ADICIONAL DE MATERIA - TÉRMINO DE MATERIA |
| 9 (RLIN) |
1840 |
| Término de materia o nombre geográfico como elemento inicial |
Diaris |
| Subdivisión de materia general |
Disseny |
| 650 04 - PUNTO DE ACCESO ADICIONAL DE MATERIA - TÉRMINO DE MATERIA |
| 9 (RLIN) |
4138 |
| Término de materia o nombre geográfico como elemento inicial |
Arts gràfiques |
| 710 2# - PUNTO DE ACCESO ADICIONAL - NOMBRE DE ENTIDAD |
| 9 (RLIN) |
4148 |
| Nombre de entidad o nombre de jurisdicción como elemento inicial |
Society of Newspaper Design |
| 942 ## - ENTRADA DE ELEMENTOS AGREGADOS (KOHA) |
| Koha [por defecto] tipo de item |
Monografies |
| Fuente de clasificaión o esquema |
|